000 00476nam a22001937a 4500
003 MPLRDC
005 20220104144155.0
008 210129b ||||| |||| 00| 0 eng d
020 _a7-5306-3329-5
082 _a610.2 WQND v.5
100 _a吴羊璧
245 _a唐宋盛衰
_c
250 _a一版一刷
260 _a
_b百花文艺出版社
_c2002
300 _b
490 _a五千年大故事
650 _a中国通史--编年
942 _cBK
_o610.2 WQND v.5
999 _c47083
_d47073